Bundesliga Stadien 25/26 - Statistiken

Allgemein
  • Dieses Quiz wurde 68 mal gespielt
  • Das Durchschnittsergebnis liegt bei 11 aus 17
Antwortstatistiken
Bildquiz Antwort % Korrekt
Allianz Arena
96%
Signal Iduna Park
95%
Weser Stadion
80%
Volksparkstadion
79%
BayArena
70%
Borussia Park
70%
Rhein Energie Stadion
70%
Deutsche Bank Park
68%
Mewa Arena
63%
Volkswagen Arena
63%
Stadion an der alten Försterei
61%
Europa Park Stadion
55%
MHP Arena
52%
Millerntor Stadion
52%
PreZero Arena
52%
Voith Arena
52%
WWK Arena
46%
Keine übereinstimmenden Quizze gefunden
Verteilung der Resultate
Anzahl Personen mit jedem Resultat
Perzentil nach korrekt beantworteten Fragen
Ihre Resultats-Entwicklung
Sie haben dieses Quiz noch nicht gespielt